[Event "Washington Class Championships"]
[Site "SeaTac City, WA"]
[Date "2011.11.26"]
[Round "1"]
[White "Garcia Ricardo  (WA)"]
[Black "Haining Kyle  (WA)"]
[Result "0-1"]
[WhiteElo "1701"]
[BlackElo "1784"]
[Annotator ""]
[Source ""]
[Remark "A"]

1.d4 g6 2.c4 Bg7 3.Nc3 Nf6 4.e4 d6 5.Nf3 O-O 6.Be2 Nbd7 7.O-O
e5 8.Bg5 c6 9.d5 c5 10.Ne1 a6 11.a4 ( 11.Qc2 h6 12.Be3 Qe7 13.a4
Re8 14.Nd3 a5 15.f3 Nh5 16.g4 Nhf6 17.Qd2 Kh7 18.Kh1 Ng8 19.Rg1
Nf8 20.Nf2 g5 21.Nfd1 Ng6 22.Bf2 Bd7 23.Ne3 Qf6 24.Nf5 Bf8 25.Nb5
Rec8 26.Ra3 Bxb5 27.axb5 b6 28.Be3 Nf4 29.Ng3 Ne7 30.Rga1 Neg6
31.Nf5 Rab8 32.Bf2 Ne7 33.Ng3 Neg6 34.Qe1 Nh4 35.Nf5 Nxf5 36.gxf5
Be7 37.Qd2 Rg8 38.Be3 Rg7 39.Rg1 Rbg8 40.Raa1 h5 41.Rg3 Qh6 {1-0, Usachyi Mark (UKR) 2265 - Bernhoeft Erhard (GER) 2063, Bad Wildbad (Germany) 1997}
) b6 12.Nd3 Rb8 13.Kh1 h6 14.Bh4 Qc7 15.b4 g5 16.Bg3 Nxe4 17.Nxe4
f5 18.Nxg5 hxg5 19.Rb1 ( 19.f3 ) f4 20.Bg4 Nf6 21.Bxc8 Rbxc8
22.b5 a5 23.Rb3 fxg3 24.fxg3 Nxd5 25.Nf2 Nf6 26.g4 Qf7 27.Ne4
Qd7 28.Nxf6+ Rxf6 29.Rxf6 Bxf6 30.Rh3 Qf7 31.Qe2 Qg6 32.Rf3 Kg7
33.Rf5 Be7 34.Rf1 Rf8 35.Rd1 Rf4 36.h3 Qf7 37.Kg1 Qxc4 0-1

[Event "Washington Class Championships"]
[Site "SeaTac City, WA"]
[Date "2011.11.25"]
[Round "2"]
[White "Lampman Becca  (WA)"]
[Black "Campbell Tim  (WA)"]
[Result "1-0"]
[WhiteElo "1885"]
[BlackElo "1730"]
[Annotator ""]
[Source ""]
[Remark "A"]

1.d4 d5 2.c4 Nc6 3.Nc3 Nf6 4.Nf3 Bg4 5.e3 e5 6.dxe5 Nxe5 7.Be2
Nxf3+  8.Bxf3 Bxf3 9.Qxf3 Bb4 10.O-O Bxc3 11.bxc3 c6 12.Ba3
Ne4 13.Rfd1 Nxc3 14.cxd5 Qa5 ( 14...Nxd1 {?} 15.Qe4+ Kd7 16.dxc6+
bxc6 17.Rxd1+ ) 15.Bd6 cxd5 16.Rdc1 ( 16.Qf5 Rd8 
17.Qe5+ Kd7 18.Qe7+ Kc6 19.Rac1 Rd7 20.Qe5 Rxd6 
21.Rxc3+ Kd7 22.Qxg7 Re8 23.Qxf7+ Re7 24.Qf5+ Ree6 
25.Qxh7+ Re7 26.Qf5+ Ree6 27.Rcc1 Qa3 28.g4 Kd8 
29.h4 Qa4 {+5.58|d20 Shredder 9.11} ) Ne4
17.Bc7 Qa6 18.Qh5 Qf6 19.f3 Nc3 {??} 20.Be5 Ne2+ 21.Kf2 Qa6 22.Rc2
g6 23.Qh4 Rg8 24.Rxe2 h5 25.Qf6 Qe6 26.Qxe6+ fxe6 27.Rc1 b6 28.Rec2
Kd7 29.Rc7+ Kd8 30.Rg7 ( 30.Bf6+ Ke8 31.Re7+
Kf8 32.Rcc7 d4 33.Rf7+ Ke8 34.Rce7+ Kd8 
35.Rxe6+ Kc8 36.Rc6+ Kb8 
37.Be5# {+299.92|d1 Shredder 9.11} ) Rxg7 31.Bxg7
b5 32.Ke2 Ke7 33.Bd4 Kd6 34.f4 a6 35.Kd3 Rf8 36.Bc5+ 1-0

[Event "Washington Class Championships"]
[Site "SeaTac City, WA"]
[Date "2011.11.27"]
[Round "5"]
[White "Lawrence Aaron  (WA)"]
[Black "May Sarah  (WA)"]
[Result "1/2-1/2"]
[WhiteElo "1706"]
[BlackElo "1820"]
[Annotator ""]
[Source ""]
[Remark "A"]

1.d4 d5 2.Nf3 Nf6 3.Bf4 e6 4.e3 c5 5.c3 Nc6 6.Bd3 Bd6 7.Bxd6
Qxd6 8.Nbd2 O-O 9.O-O c4 10.Bc2 b5  11.e4 dxe4 12.Nxe4
Nxe4 13.Bxe4 h6 14.Qe2 Rb8 15.Rfe1 Bb7 16.Rad1 Ne7 17.Ne5 Bxe4
18.Qxe4 Rfc8 19.Qe2 Nd5 20.g3 Qc7 21.Qf3 a5 22.Ng4 b4 23.Rb1
Rb7 24.a3 Rcb8 25.axb4 axb4 26.Ra1 bxc3 27.bxc3 Ra7 28.Ne5 Rba8
29.Rxa7 Rxa7 30.Rc1 Ra3 31.Kg2 f6 32.Ng6 Qb6 33.Qe2 Rxc3 34.Rxc3
Nxc3 35.Qxc4 Qb7+ 36.Kg1 Qb1+ 37.Kg2 Qe4+ 38.Kh3 1/2-1/2

[Event "Washington Class Championships"]
[Site "SeaTac City, WA"]
[Date "2011.11.27"]
[Round "5"]
[White "Nill Matthew  (WA)"]
[Black "Chi Quentin  (WA)"]
[Result "1-0"]
[WhiteElo "1766"]
[BlackElo "1717"]
[Annotator ""]
[Source ""]
[Remark "B"]

1.Nf3 Nf6 2.g3 g6 3.Bg2 Bg7 4.O-O O-O 5.d3 d6 6.e4 c5 7.Nc3 e6
8.Nh4 Nc6 9.f4 Ne8 10.f5 ( 10.f5 g5 11.Nf3 h6 12.h4 g4 13.Nd2
h5 14.Rb1 Be5 15.Qe1 Nd4 16.Nc4 Nxc2 17.Qf2 Bd4 18.Be3 Nxe3 19.Nxe3
Qf6 20.Nb5 Bxe3 21.Qxe3 Bd7 22.Nc3 Bc6 23.Kh2 Ng7 24.e5 dxe5
25.Bxc6 bxc6 26.Ne4 Qd8 27.f6 Kh7 28.Qg5 Rg8 {1-0, Petrovic Ana (SCG) 2068 - Boric Tatjana (SCG) 2050, Belgrade (Yugoslavia) 1999}
) Nd4 11.fxg6 fxg6 12.Rxf8+ Bxf8 13.Ne2 Nxe2+ 14.Qxe2 Bg7 15.c3
Rb8 16.Nf3 b5 17.e5 d5 18.d4 c4 19.Bg5 Qa5 20.Qd2 Rb7 21.a3 Qb6
22.Qf4 Rf7 23.Qh4 a5 {?} 24.Bd8 Qa7 25.Ng5 Rd7 26.Qxh7+ Kf8 27.Rf1+
( 27.Nxe6+ Kf7 28.Rf1+ Nf6 ( 28...Kxe6 29.Qh3# ) 29.Qxg7+
Ke8 30.Qf8# {+299.96|d1 Shredder 9.11}
) Nf6 28.exf6 Bxf6 29.Rxf6+ Rf7 30.Rxf7+ Qxf7 31.Qxf7# 1-0

[Event "Washington Class Championships"]
[Site "SeaTac City, WA"]
[Date "2011.11.26"]
[Round "1"]
[White "Torcher Andrew  (WA)"]
[Black "Huston Drew  (WA)"]
[Result "1-0"]
[WhiteElo "1004"]
[BlackElo "569"]
[Annotator ""]
[Source ""]
[Remark "E"]

1.Nf3 f5 2.d4 Nf6 3.e3 e6 4.Nc3 Be7 5.Bc4 O-O ( 5...O-O 6.Qd3
Kh8 7.Bb3 b6 8.Bd2 Bb7 9.O-O-O a5 10.Be1 Nc6 11.a3 d5 12.Ng5
Qd7 13.Ba4 Ne8 14.h4 Nd6 15.Qe2 Bxg5 16.hxg5 Qf7 17.f4 Nc4 18.Qf2
g6 19.Nb5 Na7 20.Nc3 Ba6 21.Nb1 Nc8 22.Bb3 N8d6 23.Ba2 Qd7 24.Qf3
Ne4 25.Qh3 Rab8 26.g4 fxg4 27.Qh6 Nxe3 28.Qxg6 Qf7 29.Qh6 Nxd1
30.Kxd1 Rbe8 31.g6 Qg7 32.Qh5 Nf6 33.Qg5 Rg8 34.Rh6 Re7 35.Bh4
Rf8 36.Nd2 Ree8 37.Bb1 Kg8 38.c3 Kh8 39.Bg3 Kg8 40.f5 exf5 41.Bxf5
Bc8 42.gxh7+ Kh8 43.Rg6 Qf7 44.Be5 Rxe5 45.dxe5 Nxh7 46.e6 Nxg5
47.exf7 Bxf5 48.Rxg5 Rxf7 49.Nf1 Be4 50.Ng3 Bf3+ 51.Kd2 Rh7 52.Nh5
Re7 53.Nf6 Re2+ 54.Kd3 Re8 55.Nxe8 Kh7 56.Nf6+ Kh6 57.Rg8 c5
58.Nxg4+ {1-0, De Jager Jaap (NED) 2290 - Pannekoek WJ, Vlissingen (Netherlands) 1997}
) 6.O-O d6 7.Re1 Qe8 8.e4 f4 9.Bxf4 Nc6 10.e5 Nh5 11.exd6 Bxd6
12.Bxd6 cxd6 13.Ng5 Qe7 14.Nxe6 Bxe6 15.Bxe6+ Kh8 16.Qxh5 Nxd4
17.Bb3 Qf6 18.Ne4 Qd8 19.Ng5 Qb6 20.Qxh7# 1-0

[Event "Washington Class Championships"]
[Site "SeaTac City, WA"]
[Date "2011.11.26"]
[Round "3"]
[White "Gibbon Brian  (WA)"]
[Black "Le Blanc Paul  (CAN)"]
[Result "1-0"]
[WhiteElo "1859"]
[BlackElo "1855"]
[Annotator ""]
[Source ""]
[Remark "A"]

1.d4 d5 2.c4 c6 3.e3 Nf6 4.Nc3 a6 5.Nf3 b5 6.cxd5 cxd5 7.Ne5
e6 8.Bd3 Bb7 9.O-O Nbd7 10.f4 Ne4 11.Nxe4  dxe4 12.Bc2
g6 13.Bd2 Be7 14.Qe1 a5 15.Qe2 Qb6 16.Rac1 Nf6 17.g4 O-O 18.g5
Nh5 19.Nd7 Qd6 20.Nxf8 Bxf8 21.Qxb5 Bc6 22.Qc5 Qd7 23.Qb6 e5
24.Bd1 Bd5 25.fxe5 Qh3 26.Rf2 Be7 27.Qb5 Be6 28.Qb7 Re8 29.d5
Bf5 30.Rg2 Bb4 31.Qb5 Bd7 32.Qe2 Rxe5 33.Bxb4 axb4 34.Qd2 Qh4
35.Qf2 Qxf2+ 36.Kxf2 Rxd5 37.Bxh5 gxh5 38.h4 Bb5 39.Kg3 Rd7 40.Rgc2
Kf8 41.Kf4 Bd3 42.Rc7 Rd6 43.Rb7 h6 44.Rcc7 hxg5+ 45.hxg5 Rg6
46.Rxf7+ Kg8 47.Rfd7 1-0

[Event "Washington Class Championships"]
[Site "SeaTac City, WA"]
[Date "2011.11.26"]
[Round "3"]
[White "Whitmer Charles  (WA)"]
[Black "Nill Matthew  (WA)"]
[Result "0-1"]
[WhiteElo "1720"]
[BlackElo "1766"]
[Annotator ""]
[Source ""]
[Remark "B"]

1.e4 d6 2.d4 Nf6 3.Bd3 g6 4.Bg5 Bg7 5.c3 O-O 6.h3  c5
7.Ne2 cxd4 8.Nxd4 Nc6 9.Nxc6 bxc6 10.Qc2 Nd7 11.Be3 c5 12.f4
Rb8 13.Nd2 a5 14.g4 Bb7 15.g5 f5 16.h4 fxe4 17.Bxe4 d5 18.Bxg6
hxg6 19.h5 d4 20.Qxg6 Ne5 21.fxe5 dxe3 22.Qe6+ Rf7 23.Nf1 Bd5
24.Qg6 Bxh1 25.h6 Rxf1+ 26.Kxf1 Qf8+ 27.Kg1 Bg2 28.Kxg2 Qf2+
( 28...Rxb2+ 29.Kg3 Qf2+ 30.Kg4 Qg2+ 31.Kh4 Qh2+ 
32.Kg4 Rg2+ 33.Kf3 Rf2+ 34.Ke4 Qxe5+ 35.Kd3 Qxc3+ 
36.Ke4 Qd4# {-299.91|d1 Shredder 9.11} )
29.Kh1 Qh4+ 30.Kg1 Qg3+ 31.Kh1 Qxe5 32.Qxg7+ Qxg7 33.hxg7 Rxb2
34.Re1 e2 35.a4 Kxg7 36.Kg2 Kg6 37.Kf3 Kxg5 38.Rxe2 Rxe2 39.Kxe2
Kf4 40.Kd3 Ke5 41.Kc4 Kd6 42.Kb5 e5 43.c4 e4 44.Kxa5 Kc6 45.Ka6
e3 46.Ka7 e2 47.a5 e1Q 48.a6 Qa5 49.Kb8 Kd7 50.Ka7 Qc7+ 51.Ka8
Kc6 0-1

[Event "Washington Class Championships"]
[Site "SeaTac City, WA"]
[Date "2011.11.26"]
[Round "3"]
[White "Mehta Anand  (WA)"]
[Black "Buck Stephen  (WA)"]
[Result "0-1"]
[WhiteElo "1681"]
[BlackElo "1700"]
[Annotator ""]
[Source ""]
[Remark "B"]

1.d4 d5 2.c4 c6 3.Nc3 Nf6 4.Nf3 e6 5.Bg5 Be7 6.c5 O-O 7.e3 Nbd7
8.Bd3 b6 9.b4 a5 10.a3 Ba6 11.Bxa6 Rxa6 12.Qe2  Qa8 13.b5
cxb5 14.Nxb5 Rc8 15.Bf4 Ne8 16.cxb6 Nxb6 17.O-O Nc4 18.Ne5 Nxe5
19.Bxe5 Rac6 20.Rfb1 a4 21.h3 Nd6 22.Nxd6 Bxd6 23.Bxd6 Rxd6 24.Rc1
Rdc6 25.Rxc6 Qxc6 26.Rb1 g6 27.Qb5 Qc4 28.Qb4 Kg7 29.Qxc4 Rxc4
30.Kh2 Rc3 31.Ra1 f6 32.Kg3 e5 33.dxe5 fxe5 34.Kh2 d4 35.exd4
exd4 36.Kg1 d3 37.Kf1 Kf6 38.Ke1 Ke5 39.Kd2 Kd4 40.Ra2 Rb3 41.h4
Rb7 42.Kd1 Kc3 43.Kc1 Re7 44.Kd1 Kb3 45.Rd2 Rd7 46.f4 Kxa3 47.g4
Kb3 48.f5 gxf5 49.gxf5 a3 50.Kc1 a2 51.Rb2+ Ka3 0-1

[Event "Washington Class Championships"]
[Site "SeaTac City, WA"]
[Date "2011.11.27"]
[Round "6"]
[White "Nill Matthew  (WA)"]
[Black "Mathews Dan  (WA)"]
[Result "1/2-1/2"]
[WhiteElo "1766"]
[BlackElo "1794"]
[Annotator ""]
[Source ""]
[Remark "B"]

1.Nf3 d5 2.g3 Nf6 3.Bg2 g6 4.O-O Bg7 5.d3 c6 6.Nbd2 Bg4 7.h3
Bxf3 8.exf3 Nbd7 9.f4 O-O 10.Nf3 Re8  11.c3 e5 12.fxe5
Nxe5 13.Nxe5 Rxe5 14.Bf4 Re8 15.Qd2 Qd7 16.Rae1 Nh5 17.g4 Nxf4
18.Qxf4 Re7 19.Re3 Rxe3 20.fxe3 Re8 21.e4 Be5 22.Qf2 d4 23.c4
Re7 24.g5 Bb8 25.b3 Qd6 26.Bf3 Qf4 27.Bg4 Qxg5 28.Qxd4 h5 29.Qd8+
Kg7 30.Qxb8 hxg4 31.Qf4 Qxf4 32.Rxf4 gxh3 33.Rh4 f5 34.Rxh3 fxe4
35.Re3 Kf6 36.dxe4 Ke5 37.Kf2 Kd4 38.Rg3 Rxe4 39.Rxg6 Re7 40.Rg3
a5 41.a4 Kc5 42.Rd3 Kb4 43.Rf3 Rh7 44.Ke2 Rh2+ 45.Kd1 Rb2 46.Rf7
Rxb3 47.Rxb7+ Kxc4 48.Rc7 Rb6 49.Kc2 Kb4 50.Kb2 Kxa4+ 51.Ka2
Kb5 52.Ka3 c5 53.Rc8 c4 54.Kb2 Kb4 55.Rc7 a4 56.Ra7 c3+ 57.Kc2
Rb5 58.Ra8 Rc5 59.Rb8+ Ka3 60.Rb1 Ka2 {
The score sheet claims this to have ended in a draw, but I do not have the second page, so I cannot show you where the error was made, unless 
it was where the black king stepped in front of the a-pawn.  Of 
course, Dan was trying to figure out where the win went when I left 
that Sunday night. I shall let Shredder think on it a bit...}
( 61.Rb4 a3 62.Rh4 Rb5 63.Rh1 Rb2+ 64.Kxc3 Rb3+ 65.Kc2
Rb5 66.Kc3 Rb2 67.Rg1 Rb3+ {-2.13} {An hour and a half and that's what 
Shredder comes up with. It shows moves that look like a draw while 
still assessing the position at -2.22! Guess a draw is the right outcome.} ) 1/2-1/2

[Event "Washington Class Championships"]
[Site "SeaTac City, WA"]
[Date "2011.11.26"]
[Round "3"]
[White "Davis Frederick  (WA)"]
[Black "Davis Joe  (WA)"]
[Result "0-1"]
[WhiteElo "1596"]
[BlackElo "1707"]
[Annotator ""]
[Source ""]
[Remark "B"]

1.e4 e5 2.Nf3 Nc6 3.Bc4 Bc5 4.O-O Nf6 5.d4 Bxd4 6.Nxd4 Nxd4 7.f4
d6 8.f5 Qe7 ( 8...Nxe4 9.c3 Nxf5 10.Qd5 Ng5 11.Bxg5 Qxg5 12.Qxf7+
Kd8 13.Na3 Ne3 14.Rf2 Nxc4 15.Nxc4 Qe7 16.Qd5 Qe6 17.Qd3 Bd7
18.Raf1 Be8 19.Qe4 c6 20.Rd1 d5 21.Qxe5 Qxe5 22.Nxe5 Kc7 23.Rdf1
Rd8 24.Nf7 Bxf7 25.Rxf7+ Kb6 26.Rxg7 Rde8 27.Rff7 Re2 28.Rxb7+
Kc5 29.Rxh7 Rf8 30.Rhf7 Rfe8 31.h3 a5 32.Rf2 Re1+ 33.Kh2 R8e4
34.g4 Ra1 35.a3 Re3 36.Rbf7 Rae1 37.g5 Rd1 38.g6 Rdd3 39.Rh7
Re1 40.g7 Rdd1 41.g8Q Rh1+ 42.Kg3 Rhg1+ 43.Rg2 Rd3+ 44.Kh2 {1-0, Keough R 2080 - Anderson John R, Burbank (USA) 2004.09.06}
) 9.Nc3 c6 10.Bg5 Bd7 11.a4 O-O-O 12.b4 d5 13.Bxf6 gxf6 14.exd5
Qxb4 15.Qd3 Nxc2 16.Ne4 Nxa1 17.Rxa1 cxd5 18.Bxd5 Bc6 19.Rc1
Kb8 20.Nc3 Qc5+ 21.Kh1 Bxd5 22.Qf1 Rhg8 23.Nxd5 Qxd5 24.Rb1 Qd3
25.Qe1 e4 26.h3 e3 27.Qb4 Rd7 28.Re1 Qd2 29.Qf4+ Ka8 30.Rg1 e2
31.Qf2 Re8 32.Re1 Rc7 33.Kh2 Rc1 34.Rxc1 Qxc1 35.Qg3 e1Q 36.Qxe1
Qxe1 37.a5 Qf2 38.a6 Re2 39.axb7+ Kxb7 40.h4 Qxg2# 0-1

[Event "Washington Class Championships"]
[Site "SeaTac City, WA"]
[Date "2011.11.25"]
[Round "2"]
[White "Whitmer Charles  (WA)"]
[Black "Van Scyoc Michael  (WA)"]
[Result "1-0"]
[WhiteElo "1720"]
[BlackElo "1628"]
[Annotator ""]
[Source ""]
[Remark "B"]

1.e4 e5 2.Nf3 Nc6 3.Bb5 a6 4.Bxc6 dxc6 5.O-O Bd6 6.d4 Bg4 7.dxe5
Bxf3 8.Qxf3 Bxe5 9.Qb3 b6 10.Be3 ( 10.Nd2 Nf6 11.c3 O-O 12.Nf3
Qe7 13.Bg5 h6 14.Nxe5 Qxe5 15.Bxf6 Qxf6 16.Rad1 Rad8 17.Qc4 a5
18.Rd4 c5 19.Rdd1 Qe5 20.Rd5 Rxd5 21.Qxd5 Qxd5 22.exd5 Rd8 23.c4
Kf8 24.f3 Ke7 25.a4 Kf6 26.Re1 c6 27.dxc6 Rc8 28.Rd1 Rxc6 29.Rd7
Ke6 30.Rb7 g5 31.Kf2 f5 32.Ke3 Rd6 33.g3 Kf6 34.h3 Re6+ 35.Kf2
Ke5 36.Rd7 Kf6 37.Rb7 f4 38.Rd7 Kf5 39.Rd5+ Kf6 40.Rd7 Kf5 41.Rd5+
Re5 42.g4+ Ke6 43.Rd8 Ke7 44.Rd1 Ke6 45.Rd8 Ke7 46.Rd2 Ke6 47.Re2
Kd6 48.Ke1 Rxe2+ 49.Kxe2 Ke6 50.Kd3 Ke5 51.b3 Kd6 52.Ke4 Ke6
53.h4 gxh4 54.Kxf4 Kf6 55.Ke3 Kg5 56.Kf2 Kf4 57.Kg2 h3+ 58.Kxh3
Kxf3 59.Kh4 Ke3 60.Kg3 Kd3 61.Kh4 Kc3 62.Kh5 Kxb3 63.Kxh6 Kxc4
64.g5 Kb4 65.g6 Kxa4 66.g7 c4 67.g8Q b5 {1-0, Freeke Matthieu (NED) 2121 - Van Weersel Arlette (NED) 2169, Vlissingen (Netherlands) 2000}
) Nf6 11.Nd2 Ng4 12.Nf3 Bf6 13.Bf4 Be7 14.Qc3 Qd7 15.h3 Nf6 16.Rad1
Bd6 17.e5 Nd5 18.Qe1 Bc5 19.c4 Qf5 20.cxd5 Qxf4 21.d6 O-O-O 22.a3
a5 23.dxc7 Rxd1 24.Qxd1 Kxc7 25.Qd3 g6 26.Rd1 Qf5 27.Qxf5 gxf5
28.Ng5 Be7 29.Nxf7 Rf8 30.e6 Re8 31.Rd2 h5 32.g3 b5 33.Kg2 Bf6
34.Re2 h4 35.g4 fxg4 36.hxg4 Bxb2 37.Rxb2 Rxe6 38.g5 Rg6 39.f4
Rg7 40.Nh6 Kd7 41.Kh3 Ke6 42.Kxh4 Kd5 43.f5 Rh7 44.f6 1-0

[Event "Washington Class Championships"]
[Site "SeaTac City, WA"]
[Date "2011.11.25"]
[Round "1"]
[White "Coopersmith Matthew  (WA)"]
[Black "Bryant David  (WA)"]
[Result "1-0"]
[WhiteElo "1247"]
[BlackElo "1382"]
[Annotator ""]
[Source ""]
[Remark "D"]

1.d4 Nf6 2.c4 d6 3.Nf3 Nbd7 4.Nc3 e5 5.e3 Be7 6.Bd3 O-O 7.Qc2
Re8 8.dxe5  dxe5 9.Bd2 c6 10.O-O-O Qc7 11.Ne4 Nxe4 12.Bxe4
Nf6 13.Bc3 Bf8 14.Rd2 g6 15.Rhd1 Nxe4 16.Qxe4 Bf5 17.Qh4 Bg7
18.e4 Be6 19.Ng5 h6 20.Nxe6 Rxe6 21.Rd8+ Rxd8 22.Qxd8+ Qxd8 23.Rxd8+
Kh7 24.Rd7 f5 25.exf5 gxf5 26.f4 Kg6 27.Bxe5 Bxe5 28.fxe5 Rxe5
29.Kd2 b5 30.Rd6+ Kg5 31.Rxc6 bxc4 32.Rxc4 Re4 33.Rxe4 fxe4 34.b4
Kf4 35.b5 Ke5 36.a4 Kd5 37.a5 Kc5 38.b6 axb6 39.axb6 Kxb6 40.Ke3
Kc6 41.Kxe4 Kd6 42.Kf5 Ke7 43.Kg6 h5 44.Kxh5 {At this point, the score 
sheet indicates Black moved to g7, something my software won't allow 
me to do. All the rest of the moves (seven of them) seem
to indicate that the king really did make that quantum leap. In spite of this creative move, Black still resigned on move 51.} 1-0

[Event "Washington Class Championships"]
[Site "SeaTac City, WA"]
[Date "2011.11.25"]
[Round "2"]
[White "Nill Matthew  (WA)"]
[Black "Golden Richard  (WA)"]
[Result "1-0"]
[WhiteElo "1766"]
[BlackElo "1657"]
[Annotator ""]
[Source ""]
[Remark "B"]

1.Nf3 Nf6 2.g3 d6 3.Bg2 e5 4.O-O Be7 5.d3 O-O 6.c4 Nbd7 7.Nc3
c6 8.b4 d5 9.c5  d4 10.Na4 a5 11.Bd2 ( 11.a3 ) axb4 12.Bxb4
b5 13.Nb2 Nd5 14.a3 Qc7 15.Qc2 Re8 16.Nd2 N7f6 17.Ne4 Nxe4 18.dxe4
Nxb4 19.axb4 Bg4 20.Nd3 Bh5 21.Ra2 Bf6 22.Rfa1 Qb7 23.Ra5 Rxa5
24.Rxa5 Ra8 25.Qa2 Rxa5 26.bxa5 Qa7 27.h3 g5 28.g4 Bg6 29.a6
h5 30.Nb4 Qa8 31.a7 Be7 32.Nxc6 Bxc5 33.Qd5 Kh7 ( 33...Bb6 {??}
34.Ne7+ Kg7 35.Qxa8 ) 34.Qxc5 f6 35.gxh5 Be8 36.Qe7+ Kg8 37.h6
Bf7 38.Qd8+ 1-0

[Event "Washington Class Championships"]
[Site "SeaTac City, WA"]
[Date "2011.11.27"]
[Round "5"]
[White "Whitmer Charles  (WA)"]
[Black "Colasurdo James  (WA)"]
[Result "0-1"]
[WhiteElo "1720"]
[BlackElo "1784"]
[Annotator ""]
[Source ""]
[Remark "B"]

1.e4 e6 2.d4 d5 3.Nc3 Nf6 4.e5 Nfd7 5.Be3 Be7 6.Qg4 g6 7.Bd3
 c5 8.Bb5 a6 9.Bxd7+ Nxd7 10.h4 h5 11.Qf4 b5 12.Nge2 b4
13.Na4 cxd4 14.Bxd4 a5 15.b3 Ba6 16.Qe3 Rc8 17.O-O-O Bxh4 18.Nb6
Rc6 19.Nxd7 Kxd7 20.g3 Be7 21.Nf4 Qc7 22.Rd2 Rc8 23.Kb1 Rxc2
24.Rxc2 Qxc2+ 25.Ka1 a4 26.Bb2 axb3 27.Rc1 Bc5 28.Rxc2 Bxe3 29.Rxc8
Kxc8 30.fxe3 bxa2 31.Kxa2 Bc4+ 32.Kb1 Kd7 33.Kc2 Kc6 34.Bd4 Bf1
35.Nd3 Kb5 36.Kd2 {?} ( 36.Nf4 {=} ) g5 37.Ne1 h4 38.Nf3 h3 39.Ke1
Bd3 40.Nh2 Ka4 41.Kf2 Ka3 42.Bc5 Ka4 43.Bd4 Kb3 44.g4 Be4 45.Kg3
Bg2 46.Nf3 Bxf3 47.Kxf3 Kc2 48.Kg3 b3 49.Kxh3 b2 50.Bxb2 Kxb2
51.Kg3 Kc2 52.Kf2 Kd2 53.Kf3 0-1

[Event "Washington Class Championships"]
[Site "SeaTac City, WA"]
[Date "2011.11.27"]
[Round "5"]
[White "Davis Frederick  (WA)"]
[Black "Yang Jason  (WA)"]
[Result "1-0"]
[WhiteElo "1596"]
[BlackElo "1410"]
[Annotator ""]
[Source ""]
[Remark "B"]

1.e4 e6 2.d4 d5 3.Nc3 Bb4 4.Nge2 dxe4 5.a3 Bxc3+ 6.Nxc3 Nf6 7.Bg5
Nbd7 8.Nxe4 h6 9.Nxf6+ Nxf6 10.Be3  O-O 11.Be2 Nd5 12.O-O
Nxe3 13.fxe3 b6 14.Bf3 Rb8 15.c4 Qg5 16.Re1 e5 17.Qc2 Bf5 18.Be4
Bxe4 19.Qxe4 Rfe8 20.Qd3 Rbd8 21.Rad1 c5 22.d5 Rd6 23.e4 g6 24.Qe3
Qxe3+ 25.Rxe3 f5 26.exf5 gxf5 27.Rde1 e4 28.Rf1 Rf6 29.Rf4 a6
30.a4 Rf7 31.Kf2 Rb8 32.Rb3 Kg7 33.Ke3 Kg6 34.g4 Kg5 35.Rxf5+
Rxf5 36.gxf5 Kxf5 37.d6 Ke6 38.Kxe4 Kxd6 39.Rd3+ Ke6 40.Rh3 Rh8
41.Rb3 Rb8 42.a5 b5 43.cxb5 axb5 44.a6 b4 45.Rh3 Rh8 46.a7 h5
47.Rxh5 Ra8 48.Rh7 Re8 49.Rb7 Kd6+ 50.Kd3 Ra8 51.h4 Kd5 52.h5
c4+ 53.Kc2 Kd4 54.h6 b3+ 55.Kd2 Rg8 56.Rb8 Rg2+ 57.Ke1 Ke3 58.Re8+
Kd3 59.a8Q Rxb2 60.Qe4+ Kc3 61.Qf3+ ( 61.Qe3+ Kc2
62.Qd2+ Kb1 63.Qd1+ Ka2 64.Ra8# {+299.96|d1 Shredder 9.11} )
Kb4 62.Rb8+ Kc5 63.Qf5+ Kd4 64.Qf6+ Kd3 65.Qxb2 c3 66.Rxb3 Kd4
67.Qxc3+ Kd5 68.Rb5+ Ke4 69.Re5+ Kf4 70.Qe3+ ( 70.Kf2 Kg4 71.Qg3# )
Kg4 71.Rg5+ Kh4 72.Qg3# 1-0

[Event "Washington Class Championships"]
[Site "SeaTac City, WA"]
[Date "2011.11.27"]
[Round "5"]
[White "Huntzinger Keith  (WA)"]
[Black "Buchignani Paul  (WA)"]
[Result "1-0"]
[WhiteElo "1351"]
[BlackElo "1556"]
[Annotator ""]
[Source ""]
[Remark "C"]

1.e4 c5 2.d4 cxd4 3.c3 dxc3 4.Nxc3 g6 5.Bc4 Bg7 6.Nf3 Nc6 7.O-O
e6 8.Nb5 d5 9.exd5 a6  10.dxe6 Bxe6 11.Nd6+ Kf8 12.Bxe6
fxe6 13.Ng5 Ke7 14.Re1 e5 15.Qb3 Kxd6 16.Rd1+ Nd4 17.Rxd4+ exd4
18.Bf4+ Kd7 19.Qe6# 1-0

[Event "Washington Class Championships"]
[Site "SeaTac City, WA"]
[Date "2011.11.25"]
[Round "1"]
[White "Seran Ben  (WA)"]
[Black "La Madrid Ramone  (WA)"]
[Result "1-0"]
[WhiteElo "1117"]
[BlackElo "1332"]
[Annotator ""]
[Source ""]
[Remark "D"]

1.Nc3 Nf6 2.e4 e5 3.f4 d6 4.fxe5 dxe5 5.Nf3 Bg4 6.h3 Bxf3 7.Qxf3
Nc6 8.Bb5 ( 8.d3 Nd4 9.Qf2 Bc5 10.a3 Nb3 11.Be3 Bxe3 12.Qxe3
Nxa1 13.Qc1 Nxc2+ 14.Qxc2 O-O 15.Be2 c6 16.Nd1 Qd4 17.Qc3 Qxc3+
18.Nxc3 Rad8 19.O-O Rd4 20.Rd1 Rfd8 21.Nb1 Nxe4 22.Kh2 Nf2 23.Re1
f6 24.Nc3 Nxd3 25.Rd1 Nf4 26.Bc4+ Kf8 27.Rxd4 Rxd4 28.b3 Rd2
29.Bf1 f5 30.Kg3 Nd5 31.Ne2 Rd3+ 32.Kf2 Rxb3 33.Ng3 g6 34.Ne2
Rxa3 35.g3 Ra2 36.Kf3 e4+ {1-0, Walkusz Miroslaw (POL) 2112 - Szygula J, Poland 1999}
) Bc5 9.Nd5 O-O 10.Nxf6+ Qxf6 11.Qxf6 gxf6 12.d3 Nd4 13.Ba4 b5
14.Bb3 a5 15.c3 Nxb3 16.axb3 Kh8 17.Rf1 Kg7 18.Rf5 Rfd8 19.Ke2
Kg6 20.d4 Bd6 21.Be3 c6 22.Raf1 Be7 23.dxe5 fxe5 24.Rxf7 Re8
25.R7f5 Bd8 26.g3 h6 27.h4 a4 28.h5+ Kg7 29.Rf7+ Kg8 30.Bxh6
Be7 31.Rg7+ Kh8 32.Rff7 Bf8 33.Rh7+ Kg8 34.Bxf8 Rxf8 35.Rfg7# 1-0

[Event "Washington Class Championships"]
[Site "SeaTac City, WA"]
[Date "2011.11.27"]
[Round "5"]
[White "La Madrid Ramone  (WA)"]
[Black "Mellott Michael  (WA)"]
[Result "1/2-1/2"]
[WhiteElo "1332"]
[BlackElo "1181"]
[Annotator ""]
[Source ""]
[Remark "D"]

1.e4 c6 2.d4 d5 3.Nc3 dxe4 4.Nxe4 Nf6 5.Nxf6+ gxf6 6.Nf3 Bf5
7.c3 e6 8.Be2 Nd7  9.Bf4 h5 10.Nh4 Bg6 11.Qb3 Nb6 12.Nxg6
fxg6 13.Qxe6+ Qe7 14.Qb3 O-O-O 15.Qc2 Re8 16.Qd3 g5 17.Be3 Nd5
18.O-O Nxe3 19.fxe3 Qxe3+ 20.Qxe3 Rxe3 21.Rae1 Bg7 22.Bg4+ hxg4
23.Rxe3 Kd8 24.Rfe1 f5 25.Re7 Rh7 26.Rxb7 Bxd4+ 27.cxd4 Rxb7
28.b3 Re7 29.Kf2 Rxe1 30.Kxe1 Ke7 31.Ke2 Ke6 32.Ke3 Kd5 33.g3
c5 34.dxc5 Kxc5 35.a3 Kd5 36.Kd3 f4 37.b4 f3 38.a4 Kc6 39.Ke3
Kd5 40.Kd3 Ke5 41.a5 f2 42.Ke2 f1Q+ 43.Kxf1 Kd5 44.b5 Kc5 45.b6
axb6 46.axb6 Kxb6 47.Kg2 Kc5 48.h3 Kd5 49.hxg4 Ke4 50.Kf2 Ke5
51.Ke3 Kd5 52.Kd3 Ke5 1/2-1/2

[Event "Washington Class Championships"]
[Site "SeaTac City, WA"]
[Date "2011.11.25"]
[Round "2"]
[White "La Madrid Ramone  (WA)"]
[Black "Ramasamy Vikram  (WA)"]
[Result "0-1"]
[WhiteElo "1332"]
[BlackElo "1233"]
[Annotator ""]
[Source ""]
[Remark "D"]

1.e4 Nf6 2.Nc3 d5 3.e5 Nfd7 4.d4 e6 5.a3 c5 6.Nf3 Nc6 7.Be3 cxd4
 8.Bxd4 Qc7 ( 8...Be7 9.b4 O-O 10.Na4 Nxd4 11.Qxd4 f6
12.Qg4 Nxe5 13.Nxe5 fxe5 14.h4 Rf4 15.Qd1 a5 16.g3 Re4+ 17.Be2
axb4 18.axb4 Rxb4 19.c3 Re4 20.f3 Re3 21.Kf2 d4 22.Bd3 b5 23.Nb2
Rxa1 24.Qxa1 Bb7 {0-1, Schael C - Besel Waldemar (GER) 2161, Giessen (Germany) 1993}
) 9.Nb5 Qd8 10.Bc3 a6 11.Nd6+ Bxd6 12.exd6 O-O 13.Nd4 e5 14.Nf5
d4 15.Ne7+ Nxe7 16.dxe7 Qxe7 17.Bb4 Nc5 18.Bd3 a5 19.Qh5 h6 20.Bxc5
Qxc5 21.O-O-O Qe7 22.h4 Bd7 23.g4 g6 24.Qxh6 Bxg4 25.h5 Bxd1
26.hxg6 fxg6 27.Qh8+ {??} ( 27.Bc4+ Qe6 
28.Qxg6# {+299.98|d1 Shredder 9.11} ) Kf7 28.Rh7+
Ke8 29.Bxg6+ {??} ( 29.Rxe7+ Kxe7 30.Qxe5+ Kd8 31.Qxd4+ { +-} )
Kd8 30.Rxe7 Rxh8 31.Rxe5 Bf3 32.Kd2 Ra6 33.Bd3 ( 33.Be4 ) Rd6
34.Rf5 Bg4 35.Rg5 Bd7 36.Rxa5 Rf8 37.Ke1 Re8+ 38.Kd2 Rf6 39.Ra8+
Bc8 40.f3 Rxf3 41.Be2 Rf2 42.Kd3 Rexe2 43.Kxd4 Rxc2 44.b4 Rfd2+
45.Ke5 Rc7 46.Ra5 Re7+ 47.Kf6 Rf2+ 48.Kg6 Re6+ 49.Kg7 Rg2+ 50.Kf7
Rh2 51.Rd5+ Bd7 52.Kg8 Re7 53.b5 Ke8 54.Rxd7 Rxd7 55.a4 Rf2 0-1

[Event "Washington Class Championships"]
[Site "SeaTac City, WA"]
[Date "2011.11.26"]
[Round "3"]
[White "Farny Andreas  (WA)"]
[Black "Sehgal Rahul  (WA)"]
[Result "1-0"]
[WhiteElo "738"]
[BlackElo "911"]
[Annotator ""]
[Source ""]
[Remark "E"]

1.d4 d5 2.c4 e6 3.Nf3 Nf6 4.Nc3 Nc6 5.Bg5 h6 6.Bxf6 Qxf6 7.cxd5
exd5 8.Nxd5 Qd6 9.Nc3 ( 9.e4 ) Bg4 10.e3 O-O-O 11.Bc4 Qf6 12.O-O
h5 13.h3 Bf5 14.Nd5 Qd6 15.Nf4 Be7 16.Bxf7 g5 17.Nd3 g4 18.Nfe5
Nxe5 19.Nxe5 Bf6 20.Ng6 Bxg6 21.Bxg6 gxh3 22.Bf5+ Kb8 23.Bxh3
h4 24.Bg4 Rh7 25.Qc2 Rh6 26.Qc5 Qa6 27.Rfc1 Rh7 28.Rc3 Rg8 29.Ra3
Qb6 30.Qxb6 cxb6 31.Be6 Rgh8 32.Rc1 Be7 33.Rac3 Rh6 34.Rc8+ Rxc8
35.Rxc8# 1-0